000 01815nam a22003971i 4500
001 ebr10756315
003 CaPaEBR
006 m o d
007 cr cn|||||||||
008 110504s2011 nyu ob 000 0 eng d
020 _z1576592243
020 _z9781576592243
020 _a9781576592397 (e-book)
040 _aCaPaEBR
_beng
_erda
_epn
_cCaPaEBR
035 _a(OCoLC)861528249
050 1 4 _aBX3606.3
_b.W67 2011eb
245 0 0 _aWords made flesh :
_bessays honoring Kenan B. Osborne, O.F.M. /
_cVolume editor, Joseph P. Chinnici.
264 1 _aSt. Bonaventure, New York :
_bFranciscan Institute Publications,
_c2011.
300 _a1 online resource (209 pages)
336 _atext
_2rdacontent
337 _acomputer
_2rdamedia
338 _aonline resource
_2rdacarrier
490 1 _aSpirit and life: essays on contemporary Franciscanism ;
_v16
504 _aIncludes bibliographical references.
588 _aDescription based on print version record.
590 _aElectronic reproduction. Palo Alto, Calif. : ebrary, 2013. Available via World Wide Web. Access may be limited to ebrary affiliated libraries.
610 2 0 _aFranciscans.
650 0 _aTheology
_xFranciscans.
655 0 _aElectronic books.
700 1 _aChinnici, Joseph P.
700 1 _aOsborne, Kenan B.
776 0 8 _iPrint version:
_tWords made flesh : essays honoring Kenan B. Osborne, O.F.M.
_dSt. Bonaventure, New York : Franciscan Institute Publications, 2011
_h201 pages ; 23 cm.
_kSpirit and life : essays on contemporary Franciscanism ; 16.
_z9781576592243
_w(OCoLC)720168193
797 2 _aebrary.
830 0 _aSpirit and life (Saint Bonaventure, New York) ;
_vv. 16.
856 4 0 _uhttp://site.ebrary.com/lib/rucke/Doc?id=10756315
_zAn electronic book accessible through the World Wide Web; click to view
999 _c117958
_d117958